[Event "EU-ch 5th"]
[Site "Antalya"]
[Date "2004.05.23"]
[Round "8"]
[White "Navara, David"]
[Black "Anastasian, Ashot"]
[Result "1-0"]
[WhiteElo "2602"]
[BlackElo "2587"]
[Annotator "Finkel,A"]
[PlyCount "97"]
[EventDate "2004.05.15"]
[EventType "swiss"]
[EventRounds "13"]
[EventCountry "TUR"]
[SourceTitle "CBM 101"]
[Source "ChessBase"]
[SourceDate "2004.07.27"]
[SourceVersion "1"]
[SourceVersionDate "2004.07.27"]
[SourceQuality "1"]

1. e4 e6 2. d4 d5 3. Nd2 dxe4 4. Nxe4 Nd7 5. Bd3 Ngf6 6. Qe2 Nxe4 {An attempt
to deviate from the main lines, arising after} (6... c5) 7. Bxe4 c5 8. d5 (8.
Nf3 cxd4 9. O-O Nc5 10. Rd1 Nxe4 11. Qxe4 Bc5 $2 12. Qe5 Bf8 13. Rxd4 Qb6 14.
Be3 $16 {Csapo,Z-Marodi,M/Budapest 2002}) 8... exd5 (8... e5 9. f4 Bd6 10. Nf3
(10. fxe5 Nxe5 11. Nf3 O-O 12. Nxe5 Bxe5 13. O-O Qd6 14. Qh5 f5 15. Bf3 Bd7 16.
Qh4 h6 17. Re1 g5 $15 {Rodin,M-Dokutchaev,A/Azov 1996}) 10... O-O 11. f5 c4 12.
Qxc4 Nc5 13. O-O b5 14. Qe2 f6 15. Kh1 Qd7 16. Nd2 Bb7 17. Bf3 $14 {Winsnes,
R-Arnason,T/Gausdal 1991}) 9. Bxd5+ Be7 {No easy life expects black after 9...
Qe7:} (9... Qe7 10. Be3 (10. Bg5 Qxe2+ 11. Nxe2 h6 12. Bd2 Be7 13. Bc3 O-O 14.
O-O-O Rb8 15. Rhe1 Bf6 16. f4 Re8 17. Bf3 Kf8 18. Rd3 {1/2-1/2 Halasz,C-Szogi,
G/Hungary 1994/TD (18)}) 10... g6 11. O-O-O Bg7 12. Bf4 Qxe2 13. Nxe2 O-O 14.
Bd6 Re8 15. Rhe1 Nb6 16. Nf4 $16 {Borge,N-Borchgrevink,H/Gausdal 1999}) 10. Bg5
h6 {Very serious attention deserves} (10... f6 {with interesting complications:
} 11. Be3 Nb6 12. Bxc5 Nxd5 13. O-O-O O-O 14. Bxe7 Qxe7 15. Rxd5 Qf7 16. Qd3
Be6 $44 {Techen,J-De Wit,G/Vlissingen 2002}) 11. Bxe7 Qxe7 12. O-O-O Qxe2 13.
Nxe2 Nf6 14. Rhe1 $14 O-O 15. Nf4 $1 (15. Bc4 Re8 16. Nf4 Rxe1 17. Rxe1 Kf8 18.
Nd3 b6 19. Ne5 Bb7 $11) 15... Kh7 $6 {Serious inaccuracy after which black
finds himself in serious troubles. It was necessary to play} (15... Nxd5 16.
Nxd5 Be6 17. Nc7 Rad8 18. Rxd8 Rxd8 19. Nxe6 Re8 20. Re5 b6 $1 $14 {with good
chances to hold on.}) 16. Bc4 Ng8 {[%csl Ge7]} 17. Nd5 ({Another promising
possibility was} 17. Nd3 b6 18. Bd5 Bg4 (18... Rb8 19. Ne5 Nf6 20. Bxf7 $16)
19. Bxa8 Bxd1 20. Be4+ f5 21. Kxd1 fxe4 22. Rxe4 $16) 17... b6 18. Ne7 Bb7 (
18... Nxe7 19. Rxe7 Be6 20. Bxe6 fxe6 21. f3 Rfe8 22. Rdd7 $16) 19. Nxg8 Kxg8
20. f3 Bc6 (20... Rad8 21. Rxd8 Rxd8 22. Re7 Bd5 23. Bxd5 Rxd5 24. Rxa7 Rg5 25.
g4 $16) 21. Re7 b5 22. Bd5 Rfc8 (22... Bxd5 23. Rxd5 Rfe8 24. Rxe8+ Rxe8 25.
Rxc5 Re2 26. Rxb5 Rxg2 27. Ra5 Rxh2 28. Rxa7 Rh1+ 29. Kd2 $18) 23. Bxf7+ Kf8
24. Rde1 a5 25. Bg6 $1 $18 Bd5 26. a3 b4 27. R7e5 Bc4 28. b3 Ba6 (28... Bf7 29.
Rf5 Ra7 30. axb4 (30. a4 Rc6 31. Bxf7 Rxf7 32. Ree5 Rxf5 33. Rxf5+ Ke7 34. Kd2
$16) 30... axb4 31. Ree5 c4 32. bxc4 Rxc4 33. Bxf7 Rxf7 34. Rxf7+ Kxf7 35. Re4
$18) 29. a4 c4 (29... Kg8 $5) 30. Rxa5 cxb3 31. Rf5+ Kg8 32. Bf7+ Kh8 33. Bxb3
Bd3 34. Rf4 Bxc2 35. Bxc2 b3 36. Re2 Rab8 37. a5 Rc5 38. Rb4 $1 Rxc2+ 39. Rxc2
Rxb4 40. Rc8+ Kh7 41. Kb2 Ra4 42. Rc5 Ra2+ 43. Kxb3 Rxg2 44. a6 Rf2 45. a7
Rxf3+ 46. Kb4 Rf8 47. Ra5 Ra8 48. Kb5 g5 49. Ra6 $1 1-0

[Event "Stepanakert Petrosian Memorial"]
[Site "Stepanakert"]
[Date "2004.03.10"]
[Round "2"]
[White "Macieja, Bartlomiej"]
[Black "Anastasian, Ashot"]
[Result "1/2-1/2"]
[WhiteElo "2653"]
[BlackElo "2587"]
[Annotator "Finkel,A"]
[PlyCount "100"]
[EventDate "2004.03.09"]
[EventType "tourn"]
[EventRounds "9"]
[EventCountry "ARM"]
[EventCategory "13"]
[SourceTitle "CBM 100"]
[Source "ChessBase"]
[SourceDate "2004.06.01"]
[SourceVersion "1"]
[SourceVersionDate "2004.06.01"]
[SourceQuality "1"]

1. e4 e6 2. d4 d5 3. Nd2 dxe4 4. Nxe4 Nd7 5. Nf3 Ngf6 6. Bd3 Nxe4 7. Bxe4 Nf6
8. Bg5 {It's not an uncommon thing in the French defense that white gives up
his darksquared bishop for he black knight.} (8. Bd3) 8... Qd6 {It appears
that black has very good chances to equalize after this one.} (8... Be7 9. Bxf6
(9. Bd3 h6 10. Bh4 c5 11. dxc5 Qa5+ $10) 9... Bxf6 10. Qe2 $14) 9. Bxf6 (9. Bd3
Qb4+ 10. Bd2 (10. Qd2 Qxd2+ (10... Qxb2 11. O-O Qb4 12. c3 Qd6 13. Bxf6 gxf6
14. Rab1 b6 15. Be4 $36 {Miednikova,S-Bystryakova,E/St Petersburg 2002}) 11.
Bxd2 c5 12. O-O-O Bd7 13. dxc5 Bxc5 14. Ne5 a6 15. f4 Bc8 16. a4 $14 {
Rublevsky,S-Kosic,D/Budva 2002}) 10... Qxb2 11. O-O Qa3 12. Ne5 Qd6 13. Be3 Be7
14. c4 c5 15. Bc2 O-O 16. Qd3 $44 {Kasparov,G-Anand,V/Kopavogur 2000}) 9...
gxf6 10. c3 (10. O-O f5 (10... Bd7 $5 {The slightly damaged pawn structure
shouldn't bother black, so he may consider castling both kingside and
queenside.} 11. c4 O-O-O (11... c5 12. Qb3 Qc7 (12... cxd4 13. Qxb7 Rc8 14.
Qxa7 Rxc4 15. b3 Rb4 16. a3 Rxb3 17. Nxd4 Qb8 18. Qa5 $16) 13. dxc5 Bxc5 14.
Qc3 Be7 $13) 12. Qb3 Qb4 13. Qc2 f5 14. Bd3 Bc6 $132 {Alekseev,E-Spasov,V/
Istanbul 2003}) (10... Bg7 11. c3 $1 O-O 12. Qe2 f5 13. Bc2 b6 14. Ne5 $1 c5
15. f4 $1 $14 {Macieja,B-Spasov,V/Kallithea Chalkidiki 2003}) 11. Bd3 Bg7 12.
Qe2 O-O 13. Rad1 c5 14. c3 b6 15. dxc5 Qxc5 16. Ba6 $14 {Macieja,B-Managadze,N/
Kallithea Chalkidiki 2003}) (10. Qe2 Bg7 11. O-O-O f5 12. Bd3 Bd7 13. Kb1 O-O-O
14. Bb5 Qb6 15. Bxd7+ Rxd7 $11 {Colovic,A-Benkovic,P/Lazarevac 1999}) 10... f5
(10... Bd7 11. Nd2 Bc6 12. Qf3 Be7 13. Nc4 Qd7 14. Bxc6 Qxc6 15. Qxc6+ bxc6 16.
b4 $16 {Kharlov,A-Zakharevich,I/Novgorod 1999}) 11. Bc2 Bd7 $1 {Important
improvment comparing to the game Rublevski-Sulava. Black's idea is just to
give up his dark squared bishop for the knight on e5.} (11... Bg7 $6 12. Qe2
Bd7 $2 13. Bxf5 O-O-O 14. Bc2 h5 15. O-O-O $16 {Rublevsky,S-Sulava,N/Bled 2002}
) 12. Ne5 Bg7 13. f4 (13. Nxd7 Qxd7 14. Qh5 O-O-O 15. O-O-O c6 16. Kb1 Qc7 17.
h3 $14) 13... Bxe5 14. fxe5 (14. dxe5 $2 Qb6 $1 {[%csl Rb2,Rf4]} 15. Qd2 Qxb2
16. O-O Bc6 $17) 14... Qd5 15. Qf3 (15. Rg1 O-O-O 16. Qe2 (16. Qd2 c5 17. Bb3
Qe4+ 18. Qe2 Qxe2+ 19. Kxe2 cxd4 20. cxd4 Bc6 $11) 16... h5 17. Bb3 Qa5 18.
O-O-O h4 $13) 15... Bc6 16. Qxd5 Bxd5 $11 17. O-O (17. Kf2 Ke7 18. Rhg1 Rag8
19. Rae1 h5 $11) 17... Ke7 18. Bb3 Be4 19. Bd1 Rag8 20. Bf3 Bxf3 21. Rxf3 Rg4
22. Re1 Rhg8 23. Re2 h5 24. h3 (24. Kf1 h4 (24... Rd8 $5 {[%cal Gc7c5,Gb7b6]})
25. h3 Rg3 26. Rf4 Rh8 $11) 24... R4g5 25. Kh2 c6 26. a4 a5 27. Rd2 Rd8 28. Rg3
Rxg3 29. Kxg3 f6 30. Re2 fxe5 31. dxe5 $6 (31. Rxe5 b6 32. Kf4 Kf6 $11) 31...
Kf7 32. Kh4 Kg6 33. Re3 Rd2 34. Rg3+ Kh6 35. Rg5 Rxb2 36. Rxh5+ Kg6 37. Rg5+
Kf7 38. Kh5 b5 39. axb5 cxb5 40. Kh6 f4 (40... a4 41. Rg7+ Ke8 42. g4 Rh2 43.
Kg5 Rxh3 44. Kf6 fxg4 45. Kxe6 Kf8 46. Rxg4 Rxc3 47. Rb4 $11) 41. Rg7+ Ke8 42.
g4 fxg3 43. Rxg3 a4 44. Rg7 Rh2 (44... Re2 45. h4 Rxe5 46. h5 Rc5 47. Kg6 Rxc3
48. h6 b4 49. h7 Rh3 50. Ra7 $1 (50. Rg8+ Ke7 51. h8=Q Rxh8 52. Rxh8 b3 53. Rb8
Kd6 $19) 50... a3 51. Ra4 $11) 45. Rb7 Rxh3+ 46. Kg5 Rxc3 47. Rxb5 Kd7 (47...
Rf3 48. Ra5 a3 49. Kg4 Rb3 50. Kg5 $11) 48. Ra5 Rg3+ 49. Kf4 Ra3 50. Kg5 Rg3+
1/2-1/2

[Event "USA-ch Gr-A"]
[Site "Salt Lake City"]
[Date "1999.08.23"]
[Round "1"]
[White "Kudrin, Sergey"]
[Black "Christiansen, Larry Mark"]
[Result "0-1"]
[WhiteElo "2525"]
[BlackElo "2610"]
[Annotator "Finkel,A"]
[PlyCount "83"]
[EventDate "1999.08.05"]
[EventType "tourn"]
[EventRounds "7"]
[EventCountry "USA"]
[EventCategory "13"]
[SourceTitle "CBM 073"]
[Source "ChessBase"]
[SourceDate "1999.12.01"]
[SourceVersion "1"]
[SourceVersionDate "1999.12.01"]
[SourceQuality "1"]

1. e4 {Finkel,A} e6 2. d4 d5 3. Nd2 Be7 4. Bd3 dxe4 5. Nxe4 Nf6 6. Nf3 Nbd7 7.
O-O (7. Qe2 {Finkel,A} Nxe4 8. Bxe4 c5 9. Be3 (9. c3 {Finkel,A} Nf6 10. Bc2
cxd4 11. Nxd4 Bd7 12. O-O O-O 13. Bf4 Bc6 $5 14. Nxc6 bxc6 15. Be5 $14 {
Fedorowicz,J-Lein,A/Estes Park USA ch 1986/1/2-1/2 (45)}) (9. O-O {Finkel,A}
Nf6 $6 (9... O-O {Finkel,A} 10. Rd1 Qc7 11. Bg5 $5 Bxg5 12. Nxg5 Nf6 13. Bf3
cxd4 14. Rxd4 Qc5 15. Qd2 e5 16. Rd6 Bf5 $11 {Hector,J-Martin,A/Festuge op
1991 (70)}) 10. dxc5 $1 Nxe4 11. Qxe4 Bxc5 12. Qe5 Bf8 13. Re1 $36 {
Tseshkovsky Vitaly-Doroshkievich Vladimir K/Tournament, Novorossijsk (Russia)
1995 (38)}) 9... Qc7 (9... O-O 10. c3 (10. O-O-O $5 Qc7 11. h4 Nf6 12. Bd3 b6
13. dxc5 bxc5 $1 14. Bg5 Bb7 15. Ne5 Rad8 $132 {Luther,T-Paehtz,T/Altensteig
1990 (23)}) 10... Nf6 11. Bc2 b6 12. O-O-O Qc7 13. Ne5 Bb7 14. Bf4 Bd6 15. Kb1
b5 $2 16. dxc5 $1 $16 {Dimitrov,V-Happel,H/Cordoba op 1994 (27)}) 10. O-O-O Nf6
11. Bd3 O-O 12. h3 $6 b6 13. Rhe1 Bb7 14. g4 Rac8 15. Ne5 Nd5 $15 {Ryan,
R-Myers,D/cr 1987 (36)}) 7... Nxe4 8. Bxe4 c5 9. c3 O-O 10. Qe2 (10. Bc2 {
Finkel,A} cxd4 (10... Qc7 11. Re1 Rd8 12. Qd3 Nf8 13. Qe4 Bd7 14. Ne5 cxd4 15.
Qxd4 Be8 $132 {Psakhis,L-Bertholee,R/OHRA-B 1990}) 11. Qxd4 Nc5 12. Qg4 e5 13.
Qh5 e4 14. Rd1 Qc7 15. b4 Nd3 16. Bxd3 exd3 17. Rxd3 a5 18. b5 {1/2-1/2 Magem
Badals,J-Hodgson,J/ch-FRA (team) 1999}) (10. Be3 Nf6 11. Bc2 b6 12. Qe2 Bb7 13.
dxc5 bxc5 14. Ne5 Nd5 15. Rad1 Qc7 $13 {Beliavsky,A-Seirawan,Y/Reykjavik WCup
1991}) (10. Qc2 Nf6 11. Bd3 cxd4 12. Nxd4 Bd7 13. Bf4 g6 14. Rad1 Qa5 15. Rfe1
Rac8 16. Qb1 Rfd8 $11 {Gorjatchev,V-Haba,P/Ceske Budejovice op 1996}) 10... Qc7
11. Rd1 cxd4 (11... Nf6 {Finkel,A} 12. Bg5 $1 h6 $6 (12... Nxe4 $1 {Finkel,A}
13. Qxe4 (13. Bxe7 $2 Nxc3) 13... Bd6 14. Be3 $1 f6 (14... f5 15. Qh4 b6 (15...
f4 $6 16. Bc1 (16. dxc5 $2 $19 Be7) 16... e5 17. dxe5 Bxe5 18. Qg5 $1 Bf6 19.
Bxf4 $16) 16. dxc5 bxc5 17. Qc4 $1 Rb8 18. b3 $14) 15. Rd2 $5 (15. Rd3 c4 16.
Rd2 Bd7 17. Re1 Rae8 $13) (15. dxc5 Bxc5 16. Bxc5 Qxc5 17. Rd2 Qa5 $1 $11)
15... cxd4 16. Rxd4 e5 17. Qd5+ Rf7 18. Rd2 Be7 19. Rad1 $14) 13. Bxf6 Bxf6 14.
Qc4 $1 $14 {[%cal Gc4c7]} Be7 15. b4 f5 $8 16. Bd3 b5 $8 17. Qxb5 cxb4 18. cxb4
Rb8 19. Qa5 Qxa5 20. bxa5 $16 {Yermolinsky,A-Seirawan,Y/Hoogovens 1997 .}) 12.
cxd4 $5 {Interesting idea,but also after natural} (12. Nxd4 Nf6 (12... Nc5 $6
13. Bc2 b6 14. b4 Nb7 15. Qe4 f5 16. Qf3 $36) 13. Bc2 (13. Bf3 Rd8 14. Bg5 Ng4
15. Bxg4 Bxg5 $11) 13... Rd8 14. Bg5 $14 {white seems to have some pressure.})
12... Nf6 13. Bg5 (13. Bd3) 13... Bd7 14. Rac1 Qb6 15. Ne5 $6 ({Typical
breakthrough} 15. d5 $1 $36 {would be just in place.}) 15... Bb5 16. Qf3 Rad8
$132 {Now black has sufficient counterchanses.} 17. Ng4 ({Nothing gives} 17.
Bxb7 Rxd4 18. Be3 (18. Bc6 Rfd8 19. Rxd4 Qxd4 $13) 18... Rxd1+ 19. Rxd1 Qc7 20.
Bf4 Qc2 $132) 17... Nd5 18. Bxe7 Nxe7 19. Bxb7 $4 {Falling into very simple
trap and losing a piece.} Rb8 $1 $19 ({White probably expected} 19... Rxd4 20.
Ne3 {with equal position.}) 20. Be4 f5 21. Bc2 fxg4 22. Qxg4 Qd6 23. Re1 Bd7 $1
(23... Nf5 $6 24. d5 $1 Bd7 25. dxe6 Bxe6 26. Rcd1 Qb6 $17) 24. Qe4 Ng6 25. Bb3
Kh8 $1 {The rest is a matter of technique and slowly black converts his
material advantage into the point in the table.} 26. g3 a5 27. Re2 Rb4 28. Bc4
a4 29. b3 Rb6 30. Rce1 Rf6 31. Qa8+ Rb8 32. Qa7 Rc8 33. Bd3 axb3 34. axb3 Ne7
35. Be4 h6 36. Rd1 Nd5 37. Rc2 Nc3 38. Re1 Nxe4 39. Rxc8+ Bxc8 40. Rxe4 Qc6 41.
d5 exd5 42. Re7 0-1

[Event "Montreal 4th"]
[Site "Montreal"]
[Date "2003.07.26"]
[Round "4"]
[White "Bluvshtein, Mark"]
[Black "Legky, Nikolay A"]
[Result "0-1"]
[WhiteElo "2447"]
[BlackElo "2482"]
[Annotator "Finkel,A"]
[PlyCount "76"]
[EventDate "2003.07.23"]
[EventType "tourn"]
[EventRounds "11"]
[EventCountry "CAN"]
[EventCategory "11"]
[SourceTitle "CBM 097"]
[Source "ChessBase"]
[SourceDate "2003.11.11"]
[SourceVersion "1"]
[SourceVersionDate "2003.11.11"]
[SourceQuality "1"]

1. e4 e6 2. d4 d5 3. Nc3 h6 $6 {This move may hardly be recommended for use on
the permanent basis, but it most definitly can be a deadly weapon for one game!
} 4. Nf3 (4. exd5 exd5 5. Bd3 Nf6 6. Nge2 c5 7. dxc5 Bxc5 8. Bf4 O-O 9. Qd2 Nc6
10. a3 Re8 11. O-O $14 {Skripchenko Lautier,A-Bricard,E/Montpellier 1998}) 4...
Nf6 (4... dxe4 5. Nxe4 Nd7 6. Bd3 Ngf6 7. Qe2 Nxe4 8. Bxe4 Nf6 $2 9. Bxb7 $1
$16 {Panajotov,J-Ivanov,V/Pamporovo 2001}) 5. e5 (5. Bd3 Nc6 6. O-O Be7 7. e5
Nd7 8. Be3 (8. a3 $5 $14) 8... Nb4 9. Be2 c5 10. a3 Nc6 $13 {Barskij,A-Sebald,
R/Dortmund 1999}) 5... Ne4 6. Bd3 (6. Qd3 $5 Bb4 (6... Nxc3 7. Qxc3 Nd7 8. Be3
$14) 7. a3 (7. Nd2 Nxc3 8. bxc3 Bf8 9. Qg3 c5 $13) 7... Bxc3+ 8. bxc3 b6 9. Qe3
Ba6 10. Bxa6 Nxa6 11. Qd3 $14) 6... Nxc3 7. bxc3 c5 8. O-O Nc6 9. Be3 Qa5 10.
dxc5 {White is trying to open yp the position in order to make use of his
advantage in development.} (10. Qd2 cxd4 11. cxd4 Qxd2 12. Bxd2 Nb4 13. Bxb4
Bxb4 14. Rab1 Be7 15. c4 dxc4 16. Bxc4 $13) 10... Qxc3 11. Nd4 (11. Rb1 a6 $1 {
[%csl Gb5]}) 11... a6 (11... Bd7 $6 12. Nb5 Qxe5 13. Qd2 Rc8 14. Bf4 Qf6 15.
Bd6 $36) 12. Nxc6 bxc6 13. Qg4 $5 (13. Qf3 Qxe5 14. c4 Be7 15. cxd5 cxd5 16.
Rab1 O-O 17. Rfd1 $44) 13... Qxe5 14. Qa4 Qc7 15. Bd4 $1 Bd7 16. Rae1 $44 (16.
c4 Be7 17. Rae1 (17. Bxg7 $2 Rg8 18. Bc3 Qf4 $1 $17)) 16... a5 17. Kh1 Rg8 (
17... Qf4 18. g3 Qf3+ 19. Kg1) 18. c4 Be7 19. f4 Bf6 20. Be5 ({Another
promising alternative was} 20. Bxf6 $1 gxf6 21. cxd5 cxd5 22. Qd4 Bc6 23. Qxf6
Qe7 24. Qd4 $16 {with significant advantage for white.}) 20... Bxe5 21. fxe5
Rb8 22. Qd1 dxc4 23. Bxc4 Rb4 24. Qc2 Rf8 25. a3 Rb8 26. Qh7 $16 (26. Qc3 $5)
26... Qa7 27. Rc1 $6 {Keeping in mind the following "combination".} (27. Qxg7
Qxc5 28. Be2 $16) 27... Qxc5 28. Bxe6 $4 fxe6 $19 {[%csl Rh1]} 29. Qxg7 (29.
Qg6+ Kd8 30. Qxg7 Rxf1+ 31. Rxf1 Kc7 $19) 29... Rxf1+ 30. Rxf1 Kd8 31. h3 Qd5
32. Qxh6 Kc7 33. Qe3 c5 34. Qe2 Rg8 35. Rf7 c4 36. Qf2 Kc8 37. Rf3 Bc6 38. Qb6
Qd1+ 0-1

[Event "MK Cafe Cup-A"]
[Site "Koszalin"]
[Date "1999.08.04"]
[Round "2"]
[White "Salmensuu, Olli"]
[Black "Haba, Petr"]
[Result "0-1"]
[WhiteElo "2443"]
[BlackElo "2544"]
[Annotator "Finkel,A"]
[PlyCount "62"]
[EventDate "1999.08.03"]
[EventType "swiss"]
[EventRounds "9"]
[EventCountry "POL"]
[SourceTitle "CBM 073"]
[Source "ChessBase"]
[SourceDate "1999.12.01"]
[SourceVersion "1"]
[SourceVersionDate "1999.12.01"]
[SourceQuality "1"]

1. e4 e6 2. d4 d5 3. Nd2 dxe4 4. Nxe4 Be7 5. Nf3 Nd7 6. Bd3 Ngf6 7. Neg5 {
Harmless continuation,permitting black to eequalize very easily.} (7. Qe2 $5
Nxe4 8. Qxe4 c5 9. Bd2 cxd4 10. Qxd4 Bf6 11. Qb4 Qb6 12. Bb5 Be7 13. Qa4 a6 14.
Bd3 O-O $11 {Hector,J-Haba,P/Berliner Sommer 1996}) (7. O-O O-O 8. c3 b6 9. Qe2
Bb7 10. Ng3 c5 11. Rd1 Qc7 12. Bg5 h6 13. Bd2 Rfd8 $132 {Hidalgo,A-Sanchez,M/
Sitges op 1997}) (7. Nxf6+ Bxf6 8. Qe2 b6 9. Be4 Rb8 10. Bf4 Bb7 11. O-O-O O-O
12. h4 Bxe4 13. Qxe4 Be7 14. Qc6 $1 $16 {Shaw,J-Rowson,J/SCO-ch 1998}) 7... h6
8. Nh3 (8. Ne4 Nxe4 9. Bxe4 c5 10. O-O cxd4 11. Nxd4 Nc5 12. Bf3 O-O 13. Be3
Qc7 14. Nb5 Qb6 15. a4 a6 16. Na3 Qc7 $11 {Cao Sang-Haba,P/Erevan olm 1996})
8... c5 (8... b6 9. Ne5 $2 Bb7 10. O-O Nxe5 11. dxe5 Qd5 {[%cal Gd5e5,Gd5g2]}
12. Nf4 Qxe5 13. Re1 Qd6 14. Nh5 O-O-O $17 {Nagy,J-Kiss,J/Balatonbereny op 1994
}) 9. c3 cxd4 10. cxd4 ({Also after} 10. Nxd4 Nc5 11. Bb5+ Bd7 12. Qe2 Bxb5 13.
Qxb5+ Qd7 14. Qxd7+ Nfxd7 15. O-O $11 {white is the one who has to keep the
balance.}) 10... Bb4+ 11. Bd2 Bxd2+ 12. Qxd2 b6 13. O-O-O $6 (13. O-O Bb7 14.
Qe2 (14. Ne5 O-O (14... Nxe5 15. dxe5 Qd5 16. f4 $11) 15. Rad1 Nd5 16. Be4 N7f6
17. Bf3 Rc8 18. Nf4 $11) 14... O-O 15. Rac1 Nd5 16. Ne5 Rc8 17. Rfe1 $11) 13...
Bb7 14. Kb1 Nd5 15. Rhe1 O-O 16. Bb5 $6 {Decision,which is very difficult to
explain.After this move black has much better chanses.} (16. Nf4 N7f6) 16...
Rc8 17. Bxd7 Qxd7 $17 18. Nf4 Nxf4 19. Qxf4 Bd5 20. Rc1 Qa4 21. b3 Qa3 22. Ne5
$2 {Losing due to very simple tactical blow.} (22. Qd2) 22... Bxb3 $1 23. axb3
Qxb3+ 24. Ka1 Qa3+ 25. Kb1 Qb3+ 26. Ka1 Rc3 27. Re2 f6 {Choosing this one out
of few wining continuation.} (27... g5) (27... Qa3+ $5 28. Kb1 Rb3+ 29. Kc2 g5
$1 $19 {[%csl Rc1,Rc2]}) 28. Ng6 Qa3+ 29. Kb1 Rb3+ 30. Kc2 Rc8+ 31. Kd1 Rd3+
0-1

[Event "FRA-ch"]
[Site "Aix les Bains"]
[Date "2003.08.27"]
[Round "9"]
[White "Fontaine, Robert"]
[Black "Vaisser, Anatoli"]
[Result "0-1"]
[WhiteElo "2541"]
[BlackElo "2571"]
[Annotator "Finkel,A"]
[PlyCount "66"]
[EventDate "2003.08.18"]
[EventType "tourn"]
[EventRounds "11"]
[EventCountry "FRA"]
[EventCategory "13"]
[SourceTitle "CBM 097"]
[Source "ChessBase"]
[SourceDate "2003.11.11"]
[SourceVersion "1"]
[SourceVersionDate "2003.11.11"]
[SourceQuality "1"]

1. e4 e6 2. d4 d5 3. Nc3 dxe4 4. Nxe4 Nd7 5. Nf3 Ngf6 6. Bg5 h6 7. Nxf6+ Nxf6
8. Bxf6 $5 {This continuation is starting to gain popularity lately. White's
idea is to exploit an advnatage in development.} Qxf6 9. Bb5+ c6 10. Bd3 Bd6
11. Qe2 (11. O-O Bd7 (11... O-O 12. Qe2 c5 13. c3 Rb8 14. Ne5 Bxe5 15. dxe5 Qe7
16. Rad1 Rd8 17. Qe4 g6 18. Qe3 $14 {Morovic Fernandez,I-Hergott,D/North Bay
1996}) 12. Qe2 O-O (12... O-O-O 13. c4 g5 14. c5 Bc7 15. Rad1 $14 {Velimirovic,
D-Kosic,D/Niksic 1997}) 13. Ne5 Rad8 (13... Rfd8 14. Qe4 g6 15. Rfe1 Be8 16.
Qe3 Bf8 17. Rad1 Bg7 18. c3 Rac8 $11 {Kovalevskaya,E-Edzgveradze,N/Moscow 1996}
) 14. f4 $5 g6 15. Rf3 $6 (15. Qe3 $5 b6 16. Qh3 Qg7 17. c3 $14) 15... c5 $1
16. Raf1 (16. c3 cxd4 17. cxd4 Bc6 18. Be4 (18. Nxc6 bxc6 19. Qe4 Bc7 $17 {
[%csl Rb2,Rd4]}) 18... Bxe4 19. Qxe4 Bc7 $15 {[%cal Gc7b6]}) 16... cxd4 $17 {
Sutovsky,E-Akopian,V/Moscow 2002}) 11... O-O (11... c5 12. dxc5 Bxc5 13. O-O-O
a6 14. Rd2 Bd6 15. g3 Bc7 16. Be4 Qe7 17. h4 $14 {Zaitsev,I-Janovsky,S/Moscow
1991}) (11... b6 12. O-O Bb7 13. Ba6 Bxa6 14. Qxa6 O-O 15. c3 c5 $11 {Dolmatov,
S-Hickl,J/Polanica Zdroj 1993}) (11... Bd7 12. Ne5 O-O-O 13. O-O c5 14. c3 (14.
Nc4 Bc7 15. dxc5 Bc6 16. b4 Rd4 17. Nd6+ Bxd6 18. cxd6 Qg5 19. f3 Rxb4 20. Qf2
$14 {Moltchanov,R-Tetenkina,I/Agneaux St Lo 2002}) 14... Kb8 15. Qe3 Bc8 16.
Rfd1 Bc7 17. Be2 Rd5 18. Ng4 Qg5 $15 {Hracek,Z-Lobron,E/Bad Wiessee 1999}) 12.
O-O-O c5 (12... a5 13. Kb1 a4 14. a3 Ra5 15. Rhe1 c5 16. dxc5 $1 Bxc5 17. Rd2
g6 18. Ne5 Bd4 19. Ng4 Qg7 20. c3 Bb6 21. f4 Rd8 22. Bc2 $14 {Leko,P-Akopian,V/
Groningen 1996}) (12... b6 13. Kb1 Bb7 14. Qe4 g6 15. Ne5 Rfd8 16. Rhe1 Rab8
17. Qg4 Qg5 18. Qh3 $40 {Plasman,H-Van Lommel,P/Dieren 2002}) 13. dxc5 Bxc5 14.
h4 (14. Qe4 Rd8 15. Qh7+ Kf8 16. Bb5 Rxd1+ 17. Rxd1 g5 18. Ne5 Qxe5 19. Rd8+
Ke7 20. Qg8 $44 {Grosar,A-Bellini,F/Montecatini Terme 1997}) 14... e5 15. Kb1
Be6 16. Qe4 Rfe8 17. Rhe1 (17. h5 $1 {More accurate was to start with h5
preventing black from playing g6 later on.} Rad8 (17... Rac8 18. Qh7+ Kf8 19.
Rhe1 Bxf2 20. Rxe5 Bd4 21. Rxe6 fxe6 22. Qe4 Bxb2 23. Rf1 Ke7 24. Qb4+ $18) 18.
Qh7+ Kf8 19. Rhe1 Bg4 $14) 17... g6 18. h5 Bf5 19. Qc4 (19. Qd5 Bxf2 20. Rf1
Rad8 21. Qb3 Qb6 $17) 19... Bxf2 20. Re2 Rac8 21. Qa4 e4 (21... Bb6 22. hxg6
fxg6 23. Rde1) 22. Rxf2 exd3 23. cxd3 Re3 {[%csl Rd3] After this move it
becomes clear that black won opening battle.} 24. Rfd2 Rd8 25. hxg6 Qxg6 26.
Ka1 (26. Ne1 Qg3 27. Qa5 Bxd3+ 28. Nxd3 Rdxd3 29. Rxd3 Rxd3 30. Rc1 Qxg2 $17)
26... Rexd3 27. Rxd3 Rxd3 28. Re1 (28. Rc1) 28... Bd7 (28... Qd6 $1 $17) 29.
Qxa7 Qd6 30. Rc1 (30. b3 Rxf3 31. gxf3 Qf6+ 32. Kb1 Bf5+ 33. Re4 Bxe4+ 34. fxe4
Qf1+ 35. Kb2 Qe2+ 36. Kc3 Qxe4 $17) 30... Rd1 31. Qe3 Bf5 $1 $17 32. a3 (32.
Qc3 Qd3 $19) 32... Qd5 33. b4 Be6 0-1